000 00590nmm a2200169Ia 4500
008 251105s9999||||xx |||||||||||||||||und||
020 _a1882528298
041 _aspa
100 _aPreble-Niemi, Oralia
245 0 _aAfrodita en el trópico :
_b Erotismo y la construcción del sujeto femenino en obras de autoras centroamericanas
264 _a[Washington, Estados Unidos] :
_bScripta Humanistica,
_c1999
300 _a264 páginas
490 _aLatin American Literature
650 _aLatin American literature
856 _uhttps://public.digitaliapublishing.com/a/163
942 _cCF
999 _c73005
_d73005